[Event "CAN-op"]
[Site "Edmonton CAN"]
[Date "2005.07.09"]
[Round "1.79"]
[White "Blackwell, Ross"]
[Black "Nikouline, Alexandre"]
[Result "0-1"]
[WhiteElo "1476"]
[BlackElo "1947"]
[PlyCount "76"]
[GameId "2160767910901332"]
[EventDate "2005.07.09"]
[EventType "swiss"]
[EventRounds "10"]
[EventCountry "CAN"]

1. d4 Nf6 2. c4 e6 3. Nc3 Bb4 4. a3 Bxc3+ 5. bxc3 b6 6. Bf4 O-O 7. e3 d5 8. Bg5 Ba6 9. Qa4 Qd7 10. Qxd7 Nbxd7 11. cxd5 Bxf1 12. Kxf1 exd5 13. Ne2 Ne4 14. Bf4 c6 15. h4 b5 16. Ke1 Nb6 17. g4 Na4 18. f3 Nf6 19. Rb1 Rfe8 20. h5 Nd7 21. Kd2 Ndb6 22. Rb3 Re6 23. Nc1 Nc4+ 24. Kd3 Rae8 25. Re1 a5 26. Re2 Nab6 27. e4 a4 28. Rb1 Rf6 29. Be3 Rxf3 30. e5 f6 31. Na2 fxe5 32. Rbe1 exd4 33. Kxd4 Nd7 34. Bc1 Ref8 35. Re8 Ncb6 36. Rxf8+ Kxf8 37. Be3 c5+ 38. Kd3 Ne5+ 0-1

[Event "CAN-op"]
[Site "Edmonton CAN"]
[Date "2005.07.09"]
[Round "1.81"]
[White "Palcic, Branko"]
[Black "Culjaga, Nikolai"]
[Result "0-1"]
[WhiteElo "1433"]
[BlackElo "1927"]
[PlyCount "72"]
[GameId "2160767910901334"]
[EventDate "2005.07.09"]
[EventType "swiss"]
[EventRounds "10"]
[EventCountry "CAN"]

1. Nf3 d5 2. d4 Nc6 3. e3 a6 4. Be2 Bg4 5. Nbd2 e6 6. O-O Nf6 7. c3 Bd6 8. Qc2 O-O 9. b3 Rc8 10. Bb2 b5 11. b4 Nd7 12. Nb3 Nb6 13. Rae1 Nc4 14. Bc1 Ra8 15. h3 Bh5 16. Nh2 Bxe2 17. Rxe2 a5 18. a3 a4 19. Nd2 Bxh2+ 20. Kxh2 Nd6 21. e4 dxe4 22. Nxe4 Ne7 23. Ng5 Ng6 24. Nf3 Nc4 25. Nd2 Nf4 26. Nxc4 Nxe2 27. Qxe2 bxc4 28. Qxc4 Qd7 29. Bf4 c6 30. Re1 Rfe8 31. Re5 Kh8 32. Rc5 Rec8 33. Qe2 Ra7 34. Qg4 Rca8 35. Qh4 f5 36. Be5 Rb7 0-1

[Event "CAN-op"]
[Site "Edmonton CAN"]
[Date "2005.07.09"]
[Round "1.82"]
[White "Tot, Nandor"]
[Black "Cannon, Farley"]
[Result "1-0"]
[WhiteElo "1924"]
[BlackElo "1432"]
[PlyCount "51"]
[GameId "2160767910901335"]
[EventDate "2005.07.09"]
[EventType "swiss"]
[EventRounds "10"]
[EventCountry "CAN"]

1. d4 Nf6 2. c4 g6 3. Nc3 Bg7 4. e4 d6 5. f3 O-O 6. Be3 e5 7. Nge2 Nc6 8. d5 Ne7 9. Qd2 a5 10. g4 c6 11. Ng3 cxd5 12. cxd5 Bd7 13. h4 Rc8 14. h5 Bxg4 15. fxg4 Nxg4 16. Bh3 Nxe3 17. Qxe3 f5 18. Qd2 Rc4 19. hxg6 Nxg6 20. Bxf5 Nh4 21. Qe2 Rc7 22. Bxh7+ Kxh7 23. Qh5+ Bh6 24. Rxh4 Qf6 25. Nf5 Qg6 26. Qxh6+ 1-0

[Event "CAN-op"]
[Site "Edmonton CAN"]
[Date "2005.07.09"]
[Round "1.83"]
[White "Dewindt, Cor"]
[Black "Lauritson, Jim"]
[Result "0-1"]
[WhiteElo "1414"]
[BlackElo "1910"]
[PlyCount "46"]
[GameId "2160767910901336"]
[EventDate "2005.07.09"]
[EventType "swiss"]
[EventRounds "10"]
[EventCountry "CAN"]

1. Nf3 Nf6 2. g3 d5 3. d4 e6 4. Bg2 c5 5. c3 Nc6 6. Bg5 Qb6 7. Qb3 Ne4 8. Qxb6 axb6 9. Bd2 Bd6 10. O-O Ke7 11. Ng5 Nxd2 12. Nxd2 cxd4 13. Rfc1 dxc3 14. Rxc3 Bb4 15. Rf3 f6 16. Nge4 dxe4 17. Nxe4 Bd7 18. a3 Nd4 19. Re3 Nc2 20. Rb3 Nxa1 21. Rxb4 Rac8 22. Rxb6 Rc1+ 23. Bf1 Bc6 0-1

[Event "CAN-op"]
[Site "Edmonton CAN"]
[Date "2005.07.09"]
[Round "1.85"]
[White "Boot, Steven"]
[Black "Belleau, David"]
[Result "0-1"]
[WhiteElo "1382"]
[BlackElo "1911"]
[PlyCount "118"]
[GameId "2160767910901338"]
[EventDate "2005.07.09"]
[EventType "swiss"]
[EventRounds "10"]
[EventCountry "CAN"]

1. e4 c5 2. c4 Nc6 3. Nc3 Nf6 4. g3 g6 5. Bg2 Bg7 6. d3 O-O 7. Be3 d6 8. Nge2 Bd7 9. O-O Rb8 10. f3 a6 11. Qd2 b5 12. Bh6 Bxh6 13. Qxh6 bxc4 14. dxc4 Rxb2 15. f4 Ng4 16. Qh4 Ne3 17. Rfb1 Rxb1+ 18. Rxb1 Nxg2 19. Kxg2 Be6 20. Nd5 Bxd5 21. exd5 Nb4 22. a3 Nc2 23. Rb3 Re8 24. f5 Qa5 25. fxg6 hxg6 26. Qe4 Qd2 27. Kf2 e5 28. Rc3 Nd4 29. Rd3 Qxe2+ 30. Qxe2 Nxe2 31. Kxe2 Rb8 32. h4 Rb2+ 33. Rd2 Rxd2+ 34. Kxd2 Kg7 35. Ke3 f5 36. Kf3 Kh6 37. Ke3 Kh5 38. Kf3 g5 39. hxg5 Kxg5 40. Kg2 Kg4 41. Kf2 e4 42. Ke2 Kxg3 43. Ke3 f4+ 44. Kxe4 f3 45. Ke3 Kg2 46. Ke4 f2 47. Kf5 f1=Q+ 48. Ke6 Qf4 49. Kd7 Kf3 50. Kc6 Ke3 51. a4 Kd3 52. Kb6 Qxc4 53. a5 Kd4 54. Kc6 Qxd5+ 55. Kb6 Qa8 56. Kc7 Kd5 57. Kb6 Ke6 58. Kc7 Qa7+ 59. Kc8 c4 0-1

[Event "CAN-op"]
[Site "Edmonton CAN"]
[Date "2005.07.09"]
[Round "1.87"]
[White "Mrugala, Jonathan"]
[Black "Gluckie, Jamin"]
[Result "0-1"]
[WhiteElo "1367"]
[BlackElo "1907"]
[PlyCount "68"]
[GameId "2160767910901340"]
[EventDate "2005.07.09"]
[EventType "swiss"]
[EventRounds "10"]
[EventCountry "CAN"]

1. g3 c5 2. Bg2 g6 3. Nf3 Bg7 4. d3 Nc6 5. O-O e6 6. Nc3 Nge7 7. Ne4 d6 8. Bg5 O-O 9. Bf6 Bxf6 10. Nxf6+ Kg7 11. Ne4 b6 12. Re1 d5 13. Ned2 Qc7 14. c4 Bb7 15. cxd5 exd5 16. e4 Rad8 17. exd5 Rxd5 18. Qc2 Rfd8 19. Qc3+ Kg8 20. Re3 Nf5 21. Re2 Rxd3 22. Qf6 Qd6 23. Qxd6 R3xd6 24. Rae1 Nb4 25. Re8+ Kg7 26. Rxd8 Rxd8 27. a3 Nd3 28. Rb1 b5 29. Bf1 c4 30. b3 c3 31. Bxd3 Rxd3 32. Rc1 cxd2 33. Nxd2 Rxd2 34. Rc7 Rd1# 0-1

[Event "CAN-op"]
[Site "Edmonton CAN"]
[Date "2005.07.09"]
[Round "1.89"]
[White "Tuason, Alfred"]
[Black "Kuczaj, Chris"]
[Result "0-1"]
[WhiteElo "1356"]
[BlackElo "1904"]
[PlyCount "80"]
[GameId "2160767910901342"]
[EventDate "2005.07.09"]
[EventType "swiss"]
[EventRounds "10"]
[EventCountry "CAN"]

1. e4 c5 2. Nf3 e6 3. Bd3 Nc6 4. c3 d5 5. e5 Qc7 6. Bb5 Bd7 7. Bxc6 Qxc6 8. O-O Qb6 9. d4 Rc8 10. b3 Qa6 11. Be3 b6 12. Nbd2 Ne7 13. Nh4 Nc6 14. Nhf3 Be7 15. Re1 Qd3 16. Rc1 O-O 17. Nf1 Qg6 18. Qd2 f6 19. Ng3 cxd4 20. cxd4 Bb4 21. Qe2 Bxe1 22. Qxe1 Qd3 23. Rd1 Qc2 24. Rd2 Qc3 25. Rd1 Qxe1+ 26. Rxe1 f5 27. Ne2 Nb4 28. a4 Rc2 29. Nc1 Rfc8 30. h3 h6 31. h4 Kh7 32. h5 Be8 33. Kh2 Bxh5 34. Ng1 g5 35. g3 R8c3 36. Kh1 Nd3 37. Nxd3 Rxd3 38. Rc1 f4 39. gxf4 gxf4 40. Bxf4 Rxf2 0-1

[Event "CAN-op"]
[Site "Edmonton CAN"]
[Date "2005.07.09"]
[Round "1.90"]
[White "Wong, Wylon"]
[Black "Booth, Kevin"]
[Result "1-0"]
[WhiteElo "1894"]
[BlackElo "1347"]
[PlyCount "89"]
[GameId "2160767910901343"]
[EventDate "2005.07.09"]
[EventType "swiss"]
[EventRounds "10"]
[EventCountry "CAN"]

1. d4 Nf6 2. c4 e6 3. Nc3 Bb4 4. e3 c5 5. a3 Bxc3+ 6. bxc3 cxd4 7. cxd4 b6 8. Bd3 Bb7 9. f3 d5 10. Ne2 Nbd7 11. O-O Rc8 12. Qa4 a5 13. Bd2 O-O 14. Rab1 Ba6 15. Rfc1 e5 16. Rc3 exd4 17. exd4 Re8 18. Nf4 Nf8 19. c5 Bxd3 20. Nxd3 bxc5 21. Rxc5 Rxc5 22. Nxc5 Ne6 23. Qxa5 Qxa5 24. Bxa5 Nxd4 25. Nd3 Nc6 26. Bc7 h6 27. Rb6 Na7 28. a4 Nd7 29. Rd6 Nf6 30. Kf2 Kf8 31. Nb4 Nc8 32. Rd8 Rxd8 33. Bxd8 Nd7 34. Nxd5 Ke8 35. Bc7 Na7 36. Ke3 Nc6 37. a5 Ndb8 38. Nb4 Nxb4 39. Bxb8 Na6 40. Bd6 g6 41. Ke4 Kd7 42. Kd5 h5 43. h4 f6 44. f4 f5 45. g3 1-0

[Event "CAN-op"]
[Site "Edmonton CAN"]
[Date "2005.07.09"]
[Round "1.91"]
[White "Taylor, William"]
[Black "Lawson, Bianca"]
[Result "1-0"]
[WhiteElo "1900"]
[BlackElo "1327"]
[PlyCount "83"]
[GameId "2160767910901344"]
[EventDate "2005.07.09"]
[EventType "swiss"]
[EventRounds "10"]
[EventCountry "CAN"]

1. f4 d5 2. b3 Nc6 3. e3 f6 4. Bb2 g6 5. Nf3 Bg7 6. Bb5 Bd7 7. c4 dxc4 8. bxc4 e6 9. O-O Nge7 10. d4 a6 11. Ba4 Na5 12. Nbd2 b5 13. Bb3 bxc4 14. Nxc4 Nxc4 15. Bxc4 Nf5 16. Qe2 a5 17. d5 Qe7 18. Nd4 exd5 19. Bxd5 Rb8 20. Nc6 Bxc6 21. Bxc6+ Kf8 22. Rfe1 Qe6 23. Ba4 Qe4 24. Ba3+ Nd6 25. Qd1 Kf7 26. Bb3+ Ke7 27. Rc1 Qb7 28. Qc2 Rhc8 29. Qc4 Rf8 30. Qxc7+ Qxc7 31. Rxc7+ Kd8 32. Rxg7 Rb6 33. Rd1 Rh8 34. Bxd6 Rc6 35. Ba3+ Kc8 36. Rc1 Rxc1+ 37. Bxc1 f5 38. Kf2 Kb8 39. Bb2 Rd8 40. Ke2 Rh8 41. Re7 Rc8 42. Be5+ 1-0

[Event "CAN-op"]
[Site "Edmonton CAN"]
[Date "2005.07.09"]
[Round "1.92"]
[White "Pradzinski, Tim"]
[Black "Longson, Stan"]
[Result "1-0"]
[WhiteElo "1894"]
[BlackElo "1322"]
[PlyCount "45"]
[GameId "2160767910901345"]
[EventDate "2005.07.09"]
[EventType "swiss"]
[EventRounds "10"]
[EventCountry "CAN"]

1. e4 e5 2. f4 exf4 3. Nf3 d6 4. Bc4 Be7 5. O-O Nf6 6. Nc3 c6 7. d4 O-O 8. Bxf4 b5 9. Bd3 Bb7 10. Qe2 Nbd7 11. Rae1 Re8 12. Ng5 g6 13. Bd2 Bf8 14. Qf3 Bg7 15. Bf4 Bh6 16. Nxf7 Kxf7 17. Bxh6 b4 18. Nd1 Kg8 19. Bg5 Rf8 20. Qh3 Qa5 21. Qe6+ Rf7 22. Bxf6 Raf8 23. Be7 1-0

[Event "CAN-op"]
[Site "Edmonton CAN"]
[Date "2005.07.09"]
[Round "1.93"]
[White "Thomas, Derek"]
[Black "Tomaras, Pavlos"]
[Result "0-1"]
[WhiteElo "1300"]
[BlackElo "1886"]
[PlyCount "88"]
[GameId "2160767910901346"]
[EventDate "2005.07.09"]
[EventType "swiss"]
[EventRounds "10"]
[EventCountry "CAN"]

1. c4 e5 2. Nc3 Nc6 3. e4 f5 4. d3 Nf6 5. Nf3 Bc5 6. Be2 O-O 7. O-O d6 8. Bg5 Ne7 9. Nd5 Nexd5 10. cxd5 Qe8 11. Be3 fxe4 12. dxe4 Bxe3 13. fxe3 Nxe4 14. Qc2 Nc5 15. Ng5 Rxf1+ 16. Rxf1 Qg6 17. Qxg6 hxg6 18. Bc4 Bf5 19. Ne6 Nxe6 20. dxe6 Re8 21. e7+ Kh7 22. Rf3 Rxe7 23. e4 Bg4 24. Rb3 b6 25. Bd5 Be6 26. Bxe6 Rxe6 27. Kf2 Kg8 28. Rf3 Rf6 29. Ke3 Rxf3+ 30. gxf3 Kf7 31. Kd3 Ke6 32. Kc4 c6 33. Kd3 d5 34. exd5+ cxd5 35. Ke3 Kf5 36. b3 a5 37. a3 b5 38. a4 b4 39. h3 d4+ 40. Ke2 g5 41. Kd3 Kf4 42. Ke2 g6 43. Kf2 d3 44. Ke1 Kxf3 0-1

[Event "CAN-op"]
[Site "Edmonton CAN"]
[Date "2005.07.09"]
[Round "1.94"]
[White "Peterson, Curtis"]
[Black "Culjaga, Marko"]
[Result "1-0"]
[WhiteElo "1884"]
[BlackElo "1435"]
[PlyCount "41"]
[GameId "2160767910901347"]
[EventDate "2005.07.09"]
[EventType "swiss"]
[EventRounds "10"]
[EventCountry "CAN"]

1. e4 e5 2. d4 exd4 3. c3 dxc3 4. Nxc3 Nc6 5. Nf3 Bb4 6. Bc4 Nf6 7. e5 Ne4 8. Qd5 Qe7 9. Qxe4 d6 10. O-O Bxc3 11. bxc3 Nxe5 12. Nxe5 dxe5 13. Re1 O-O 14. Qxe5 Qxe5 15. Rxe5 Bd7 16. Ba3 Rfe8 17. Rae1 Rxe5 18. Rxe5 Rd8 19. h3 Bc6 20. Re7 Rd7 21. Re8# 1-0

[Event "CAN-op"]
[Site "Edmonton CAN"]
[Date "2005.07.09"]
[Round "1.96"]
[White "Jiang, Louie"]
[Black "Wang, Hao"]
[Result "1-0"]
[WhiteElo "1895"]
[BlackElo "1271"]
[PlyCount "91"]
[GameId "2160767910901348"]
[EventDate "2005.07.09"]
[EventType "swiss"]
[EventRounds "10"]
[EventCountry "CAN"]

1. e4 e5 2. Nf3 Nf6 3. Nxe5 Nxe4 4. Qe2 d5 5. d3 Qe7 6. dxe4 Qxe5 7. exd5 Qxe2+ 8. Bxe2 c6 9. dxc6 Nxc6 10. Be3 Bd7 11. O-O O-O-O 12. c3 g6 13. Nd2 Bg7 14. Rac1 Be6 15. a4 a5 16. Nc4 Bxc4 17. Bxc4 f6 18. Rfd1 Kc7 19. Bb5 g5 20. b4 Rxd1+ 21. Rxd1 Ra8 22. h3 Bf8 23. bxa5 Rxa5 24. Rd5 b6 25. h4 h6 26. hxg5 hxg5 27. f4 g4 28. Kh2 Ra8 29. Kg3 Re8 30. Bf2 Bd6 31. Bxb6+ Kxb6 32. Rxd6 Re3+ 33. Kxg4 Rxc3 34. Rxf6 Kc7 35. Rxc6+ Rxc6 36. Bxc6 Kxc6 37. f5 Kd7 38. a5 Ke7 39. a6 Kf7 40. a7 Kf6 41. Kf4 Kf7 42. Ke5 Kf8 43. Ke6 Kg7 44. a8=Q Kh6 45. Qg8 Kh5 46. Kf6 1-0

[Event "CAN-op"]
[Site "Edmonton CAN"]
[Date "2005.07.09"]
[Round "1.97"]
[White "Greber, Carter"]
[Black "Milne, Arthur"]
[Result "0-1"]
[WhiteElo "1265"]
[BlackElo "1876"]
[PlyCount "90"]
[GameId "2160767910901349"]
[EventDate "2005.07.09"]
[EventType "swiss"]
[EventRounds "10"]
[EventCountry "CAN"]

1. e4 c5 2. f4 e6 3. Nf3 Nc6 4. Bb5 Nge7 5. d3 a6 6. Bxc6 Nxc6 7. Be3 d5 8. exd5 exd5 9. d4 c4 10. Nc3 Be7 11. O-O O-O 12. Ne5 f6 13. Nxc6 bxc6 14. Re1 Bf5 15. Qf3 Bxc2 16. f5 Qd7 17. Rf1 Rab8 18. Bc1 Rfd8 19. Rf2 Bd3 20. b3 c5 21. Be3 cxb3 22. Bf4 b2 23. Rd1 b1=Q 24. Nxb1 Rxb1 25. Qxd3 Rxd1+ 26. Qxd1 c4 27. Bg3 Ba3 28. Rf3 Bb4 29. a3 Ba5 30. Re3 Rc8 31. Qe2 Kf7 32. Qf3 c3 33. Re1 c2 34. Rc1 Bd2 35. Rxc2 Rxc2 36. Qe2 Rc1+ 37. Kf2 Qxf5+ 38. Qf3 Be1+ 39. Ke2 Qc2+ 40. Ke3 Bd2+ 41. Kf2 Bf4+ 42. Qe2 Bxg3+ 43. hxg3 Qf5+ 44. Ke3 Qe4+ 45. Kf2 Rc2 0-1

[Event "CAN-op"]
[Site "Edmonton CAN"]
[Date "2005.07.09"]
[Round "1.98"]
[White "Enns, Edward"]
[Black "Lynn, Jim"]
[Result "0-1"]
[WhiteElo "1245"]
[BlackElo "1871"]
[PlyCount "70"]
[GameId "2160767910901350"]
[EventDate "2005.07.09"]
[EventType "swiss"]
[EventRounds "10"]
[EventCountry "CAN"]

1. d4 Nf6 2. c4 g6 3. Nf3 Bg7 4. Nc3 d5 5. Bf4 dxc4 6. e4 O-O 7. Bxc4 Nc6 8. d5 Na5 9. Be2 b6 10. Rc1 Nh5 11. Bd2 c5 12. Na4 Nb7 13. b4 cxb4 14. Bxb4 Nf6 15. Qc2 Bd7 16. Nc3 Rc8 17. Ba6 Rc7 18. O-O Nc5 19. Bxc5 Rxc5 20. Qb3 e6 21. Nb5 Nxe4 22. Rfe1 Rxc1 23. Rxc1 Nc5 24. Qa3 Nxa6 25. Qxa6 Bxb5 26. Qxb5 Qxd5 27. Qa6 Qd7 28. a4 Rd8 29. g3 Rb8 30. Ne1 Qb7 31. Rc8+ Qxc8 32. Qxa7 Ra8 33. Qxb6 Rxa4 34. Kg2 Qa8+ 35. Nf3 Ra3 0-1

[Event "CAN-op"]
[Site "Edmonton CAN"]
[Date "2005.07.09"]
[Round "1.99"]
[White "Miller, Brian"]
[Black "Pradzinski, Alex"]
[Result "1-0"]
[WhiteElo "1870"]
[BlackElo "1236"]
[PlyCount "79"]
[GameId "2160767910901351"]
[EventDate "2005.07.09"]
[EventType "swiss"]
[EventRounds "10"]
[EventCountry "CAN"]

1. d4 d5 2. c4 Nf6 3. cxd5 Nxd5 4. e4 Nb6 5. Nf3 e6 6. Nc3 Bb4 7. a3 Bxc3+ 8. bxc3 O-O 9. Bd3 Nc6 10. Qc2 Re8 11. e5 f6 12. exf6 Qxf6 13. Bxh7+ Kh8 14. Bg5 Qf8 15. Bg6 Bd7 16. Bxe8 Rxe8 17. O-O Qf5 18. Qxf5 exf5 19. Rfe1 Rxe1+ 20. Rxe1 Kh7 21. Bc1 g6 22. Ne5 Nxe5 23. Rxe5 Kg8 24. Re7 a6 25. Bh6 Kh8 26. f3 c6 27. Bg7+ Kh7 28. Be5+ Kg8 29. Bc7 Nd5 30. Rxd7 Nxc7 31. Rxc7 b6 32. Rxc6 Kg7 33. Rxb6 a5 34. d5 Kf7 35. d6 Ke8 36. c4 Kd7 37. c5 g5 38. Rb7+ Kd8 39. c6 g4 40. Rb8# 1-0

[Event "CAN-op"]
[Site "Edmonton CAN"]
[Date "2005.07.09"]
[Round "1.100"]
[White "Bullerkist, Caitlin"]
[Black "Sorgard, Graham"]
[Result "0-1"]
[WhiteElo "1226"]
[BlackElo "1870"]
[PlyCount "86"]
[GameId "2160767910901352"]
[EventDate "2005.07.09"]
[EventType "swiss"]
[EventRounds "10"]
[EventCountry "CAN"]

1. e4 g6 2. Nf3 Bg7 3. Bc4 d6 4. h3 Nf6 5. Nc3 O-O 6. O-O a6 7. d3 b5 8. Bb3 c5 9. a3 Bb7 10. Be3 e6 11. e5 Nd5 12. Nxd5 exd5 13. c4 d4 14. Bd2 dxe5 15. Re1 Nd7 16. cxb5 axb5 17. Qb1 Bxf3 18. gxf3 Qh4 19. Kh2 Qxf2+ 20. Kh1 Qxd2 21. Qc2 Qxc2 22. Bxc2 c4 23. dxc4 bxc4 24. a4 Rfb8 25. Reb1 Nc5 26. a5 d3 27. Bd1 e4 28. fxe4 Rxb2 29. Rxb2 Bxb2 30. Rb1 c3 31. Bf3 c2 32. Rg1 c1=Q 33. Rxc1 Bxc1 34. e5 Rxa5 35. Kg2 Bf4 36. Kf2 Ra2+ 37. Ke1 Be3 38. Kf1 Rf2+ 39. Kg1 Rxf3+ 40. Kh2 d2 41. Kh1 d1=Q+ 42. Kg2 Qf1+ 43. Kh2 Bf4# 0-1

[Event "CAN-op"]
[Site "Edmonton CAN"]
[Date "2005.07.09"]
[Round "1.104"]
[White "Greber, Caitlin"]
[Black "Stark, Mark"]
[Result "0-1"]
[WhiteElo "1060"]
[BlackElo "1832"]
[PlyCount "46"]
[GameId "2160767910901354"]
[EventDate "2005.07.09"]
[EventType "swiss"]
[EventRounds "10"]
[EventCountry "CAN"]

1. e4 c5 2. Nf3 d6 3. Bc4 e6 4. O-O Nf6 5. Nc3 Be7 6. d3 a6 7. d4 b5 8. e5 dxe5 9. Be2 exd4 10. Nb1 O-O 11. Qd3 h6 12. c3 dxc3 13. Nxc3 Qc7 14. Ne4 Bb7 15. Nxf6+ Bxf6 16. Bd1 Rd8 17. Qe2 Nc6 18. Bc2 Nd4 19. Qd1 Nxf3+ 20. gxf3 Rxd1 21. Rxd1 Bxf3 22. Rd2 Qe5 23. Rd3 Qe1# 0-1

[Event "CAN-op"]
[Site "Edmonton CAN"]
[Date "2005.07.09"]
[Round "1.105"]
[White "Baser, John"]
[Black "Cheetham, Roarke"]
[Result "1-0"]
[WhiteElo "1815"]
[BlackElo "1044"]
[PlyCount "77"]
[GameId "2160767910901355"]
[EventDate "2005.07.09"]
[EventType "swiss"]
[EventRounds "10"]
[EventCountry "CAN"]

1. e4 e5 2. Nf3 Nf6 3. Nxe5 d6 4. Nf3 Nxe4 5. d4 d5 6. Bd3 Bd6 7. O-O O-O 8. Re1 Re8 9. Bxe4 Rxe4 10. Nc3 Rxe1+ 11. Qxe1 c6 12. Bg5 f6 13. Bh4 Qc7 14. Qe8+ Bf8 15. Bg3 Bd7 16. Qxf8+ Kxf8 17. Bxc7 g5 18. Re1 Bf5 19. Bd6+ Kf7 20. Re7+ Kg6 21. Re8 a5 22. Rxb8 Ra6 23. Rxb7 Ra8 24. Ne1 a4 25. f3 Rd8 26. Bc5 Re8 27. Kf2 h5 28. Nxa4 g4 29. Nc3 Kh6 30. Nd3 Bg6 31. Ne2 f5 32. Bd6 Kg5 33. f4+ Kh6 34. Be7 Kg7 35. Bg5+ Kg8 36. Ne5 Bh7 37. Bf6 Re6 38. Rb8+ Re8 39. Rxe8# 1-0

[Event "CAN-op"]
[Site "Edmonton CAN"]
[Date "2005.07.09"]
[Round "1.106"]
[White "Taylor, Matthew"]
[Black "Sagert, David"]
[Result "0-1"]
[WhiteElo "999"]
[BlackElo "1810"]
[PlyCount "48"]
[GameId "2160767910901356"]
[EventDate "2005.07.09"]
[EventType "swiss"]
[EventRounds "10"]
[EventCountry "CAN"]

1. e4 d6 2. Bb5+ c6 3. Ba4 Nf6 4. Nh3 Nxe4 5. c3 g6 6. Qf3 Nf6 7. Na3 b5 8. Bb3 Bxh3 9. Qxh3 Bg7 10. d4 Qd7 11. Bf4 Qxh3 12. gxh3 Nbd7 13. d5 Nc5 14. dxc6 Nxb3 15. Rb1 a6 16. h4 Nc5 17. Be3 O-O 18. f4 Nd5 19. Nc2 Na4 20. Nd4 Nxe3 21. Nxb5 axb5 22. b4 Nxc3 23. Rc1 Rxa2 24. c7 Re2# 0-1

[Event "CAN-op"]
[Site "Edmonton CAN"]
[Date "2005.07.09"]
[Round "1.107"]
[White "Thomas, Bruce"]
[Black "Pradzinski, Stephanie"]
[Result "1-0"]
[WhiteElo "1795"]
[BlackElo "867"]
[PlyCount "55"]
[GameId "2160767910901357"]
[EventDate "2005.07.09"]
[EventType "swiss"]
[EventRounds "10"]
[EventCountry "CAN"]

1. c4 e5 2. e4 Nf6 3. Nc3 Nc6 4. g3 Bb4 5. Bg2 O-O 6. Nge2 Bxc3 7. Nxc3 Na5 8. d3 c6 9. O-O d5 10. b4 Nxc4 11. dxc4 Nd7 12. exd5 cxd5 13. Nxd5 Nb6 14. Be4 f5 15. Bg2 Be6 16. Bb2 Nd7 17. Qe2 Qb8 18. Rad1 h6 19. f4 Re8 20. fxe5 Bxd5 21. Bxd5+ Kh8 22. Rxf5 g6 23. e6+ Kg8 24. exd7+ Kh7 25. Rf7+ Kg8 26. Re7+ Kf8 27. Rf1+ Qf4 28. Rxf4# 1-0

[Event "CAN-op"]
[Site "Edmonton CAN"]
[Date "2005.07.10"]
[Round "2"]
[White "Aird, Ian"]
[Black "Walker, Adrian1"]
[Result "1-0"]
[WhiteElo "2070"]
[BlackElo "1559"]
[PlyCount "53"]
[GameId "2160767910901358"]
[EventDate "2005.07.09"]
[EventType "swiss"]
[EventRounds "10"]
[EventCountry "CAN"]
[SourceTitle "CBM 107 Extra"]
[Source "ChessBase"]
[SourceDate "2005.09.01"]
[SourceVersion "1"]
[SourceVersionDate "2005.09.01"]
[SourceQuality "1"]

1. e4 e5 2. Nf3 Nc6 3. Bb5 a6 4. Ba4 Nf6 5. Qe2 Be7 6. c3 d6 7. h3 O-O 8. O-O Re8 9. d4 b5 10. Bb3 exd4 11. cxd4 h6 12. Rd1 d5 13. e5 Bb4 14. a3 Ba5 15. Qc2 Ne7 16. exf6 gxf6 17. Bxh6 Bf5 18. Qc1 Kh7 19. Bf4 Rg8 20. Bc2 Qd7 21. Bg3 Rg7 22. Bxf5+ Nxf5 23. Qf4 Rag8 24. Nc3 Nxg3 25. fxg3 Qe6 26. Re1 Qc6 27. Rac1 1-0

[Event "CAN-op"]
[Site "Edmonton CAN"]
[Date "2005.07.10"]
[Round "2"]
[White "Blum, Roger"]
[Black "Grumic, Sasha"]
[Result "1-0"]
[WhiteElo "1618"]
[BlackElo "2087"]
[PlyCount "77"]
[GameId "2160767910901359"]
[EventDate "2005.07.09"]
[EventType "swiss"]
[EventRounds "10"]
[EventCountry "CAN"]
[SourceTitle "CBM 107 Extra"]
[Source "ChessBase"]
[SourceDate "2005.09.01"]
[SourceVersion "1"]
[SourceVersionDate "2005.09.01"]
[SourceQuality "1"]

1. e4 c5 2. Nf3 Nc6 3. d4 cxd4 4. Nxd4 g6 5. c4 Nf6 6. Nc3 d6 7. Be2 Nxd4 8. Qxd4 Bg7 9. O-O O-O 10. Rd1 Be6 11. Qe3 Qc8 12. Nd5 Nxd5 13. cxd5 Bd7 14. Qb3 a5 15. Bg5 a4 16. Qb4 a3 17. Rac1 Qd8 18. bxa3 Ba4 19. Re1 Qd7 20. Rb1 h6 21. Be3 Bc2 22. Bb5 Qc8 23. Rec1 Bxb1 24. Rxc8 Rfxc8 25. Qxb1 Rxa3 26. g3 Rac3 27. Kg2 Rc2 28. a4 Rb2 29. Qd1 Rcc2 30. Qg4 h5 31. Qd7 Rb3 32. Qe8+ Kh7 33. Kh3 Rxe3 34. fxe3 g5 35. g4 Rf2 36. Kg3 Rd2 37. Qxf7 h4+ 38. Kf3 Rxh2 39. Qh5+ 1-0

[Event "CAN-op"]
[Site "Edmonton CAN"]
[Date "2005.07.10"]
[Round "2"]
[White "Chan, Michael2"]
[Black "Tuason, Alfred"]
[Result "1-0"]
[WhiteElo "1700"]
[BlackElo "1356"]
[PlyCount "33"]
[GameId "2160767910901361"]
[EventDate "2005.07.09"]
[EventType "swiss"]
[EventRounds "10"]
[EventCountry "CAN"]
[SourceTitle "CBM 107 Extra"]
[Source "ChessBase"]
[SourceDate "2005.09.01"]
[SourceVersion "1"]
[SourceVersionDate "2005.09.01"]
[SourceQuality "1"]

1. e4 e6 2. d3 d5 3. Nd2 Nf6 4. e5 Nfd7 5. Ngf3 Be7 6. Be2 c5 7. c3 Nc6 8. d4 Qb6 9. Nb3 O-O 10. O-O c4 11. Nbd2 f6 12. exf6 Nxf6 13. Qc2 h6 14. Qg6 Ne8 15. Ne5 Rf6 16. Qxe8+ Kh7 17. Nxc6 1-0

[Event "CAN-op"]
[Site "Edmonton CAN"]
[Date "2005.07.10"]
[Round "2"]
[White "Chi, Jonathan"]
[Black "Wilson, Jonathan"]
[Result "1-0"]
[WhiteElo "1744"]
[BlackElo "2293"]
[PlyCount "43"]
[GameId "2160767910901362"]
[EventDate "2005.07.09"]
[EventType "swiss"]
[EventRounds "10"]
[EventCountry "CAN"]
[SourceTitle "CBM 107 Extra"]
[Source "ChessBase"]
[SourceDate "2005.09.01"]
[SourceVersion "1"]
[SourceVersionDate "2005.09.01"]
[SourceQuality "1"]

1. d4 d5 2. c4 e6 3. Nc3 Nf6 4. Bg5 Bb4 5. e3 O-O 6. Qc2 c5 7. dxc5 Bxc5 8. cxd5 exd5 9. Bxf6 gxf6 10. Rd1 Be6 11. Nxd5 Qa5+ 12. Nc3 Nc6 13. a3 Qc7 14. Bd3 f5 15. Bxf5 Bxf5 16. Qxf5 Ne5 17. Nf3 Nxf3+ 18. Qxf3 Qa5 19. Qg3+ Kh8 20. Qe5+ Kg8 21. Rd5 Rfe8 22. Qg5+ 1-0

[Event "CAN-op"]
[Site "Edmonton CAN"]
[Date "2005.07.10"]
[Round "2"]
[White "Dean, Earl"]
[Black "Rivas Cabrera, Edgar"]
[Result "0-1"]
[WhiteElo "1296"]
[BlackElo "1764"]
[PlyCount "78"]
[GameId "2160767910901363"]
[EventDate "2005.07.09"]
[EventType "swiss"]
[EventRounds "10"]
[EventCountry "CAN"]
[SourceTitle "CBM 107 Extra"]
[Source "ChessBase"]
[SourceDate "2005.09.01"]
[SourceVersion "1"]
[SourceVersionDate "2005.09.01"]
[SourceQuality "1"]

1. e4 c6 2. d4 d5 3. e5 Bf5 4. Bd3 Bxd3 5. Qxd3 e6 6. Nf3 Nd7 7. O-O a6 8. Nc3 c5 9. b3 cxd4 10. Qxd4 Bc5 11. Qd3 Qc7 12. Re1 Rc8 13. Bb2 Bb4 14. Re2 Bxc3 15. Bxc3 Qxc3 16. Qxc3 Rxc3 17. Rd1 Ne7 18. a4 Ng6 19. Rd3 Nf4 20. Rde3 Nxe2+ 21. Rxe2 Ke7 22. Kf1 Rhc8 23. Nd4 Nb8 24. Ke1 Nc6 25. Nxc6+ R8xc6 26. Kd1 Kd7 27. Kc1 Rxb3 28. f4 Rb4 29. g3 Rxa4 30. Kb2 Rb4+ 31. Ka3 Rbc4 32. Kb2 Rc3 33. Rd2 a5 34. Rd3 Rxc2+ 35. Kb3 Rxh2 36. Ka4 Rb2 37. f5 Rc1 38. f6 Ra1+ 39. Ra3 b5+ 0-1